|
|
|
|
| LEADER |
01010nam a2200265 a 4500 |
| 001 |
4982180 |
| 008 |
090824s1999 nyua 001 0 eng d |
| 010 |
|
|
|a 98046602
|
| 020 |
|
|
|a 0070380457
|
| 040 |
|
|
|a DLC
|c DLC
|d DLC
|
| 082 |
0 |
0 |
|a 519.5
|2 21
|
| 100 |
1 |
|
|a Lipschutz,Seymour.
|
| 245 |
1 |
0 |
|a Schaum's outline of theory and problems of statistics /
|c Seymour Lipschutz and Marc Lars Lipson.
|
| 246 |
3 |
0 |
|a Theory and problems of statistics
|
| 250 |
|
|
|a 2nd ed.
|
| 260 |
|
|
|a New York:
|b McGraw-Hill,
|c c1999.
|
| 300 |
|
|
|a 528 p. :
|b ill. ;
|c 28 cm.
|
| 490 |
0 |
|
|a Schaum's outline series
|
| 504 |
|
|
|a Includes index.
|
| 541 |
1 |
|
|e 00010779
|
| 650 |
|
0 |
|a Statistics
|x Problems, exercises, etc.
|
| 700 |
1 |
|
|a Lipson,Marc Lars .
|
| 852 |
4 |
|
|a Ayesha Abed Library
|j General Shelf.
|
| 999 |
|
|
|c 3738
|d 3738
|
| 952 |
|
|
|0 0
|1 0
|2 ddc
|4 0
|6 519_500000000000000_LIP_1999
|7 0
|9 3392
|a BRACUL
|b BRACUL
|c GEN
|d 2009-09-03
|g 0.00
|l 2
|m 23
|o 519.5 LIP
|p 3010010779
|r 2017-07-16
|s 2017-01-29
|t 1
|w 2009-09-03
|y BK
|x No price found in the accession register.
|